| 000 | 00550nam a2200205Ia 4500 | ||
|---|---|---|---|
| 003 | GCL | ||
| 008 | 140319s9999 xx 000 0 eng d | ||
| 040 |
_aGCL / _cGCL |
||
| 082 | 0 | 4 |
_a438.2421 _bD M |
| 100 | 1 | _aDODD, BILL | |
| 245 | 1 | 0 |
_aMODERN GERMAN GRAMMER: A PRACTICAL GUIDE / _cDODD, BILL |
| 700 | 1 | _aECKHARD-BLACK, CHRISTINE. | |
| 700 | 1 | _aWHITTLE, RUTH | |
| 700 | 1 | _aKLAPPER, JOHN. | |
| 260 |
_a[S.N] : _bROUTLEDGE ، _c1996 |
||
| 300 | _a492 P | ||
| 650 | 0 | 4 | _aGERMAN LANGUAGE - GRAMMER |
| 650 | 0 | 4 | _aGERMAN LANGUAGE |
| 942 |
_2ddc _cBK |
||
| 999 |
_c13031 _d13031 |
||